000 00974nam a2200301 i 4500
001 bg
003 BPK
005 20191104142006.0
008 980715s1997 pl f f |000 0 pol
015 _aPB 1997/9584
020 _a8386218967
040 _aWA N
_cBPK
080 _a657
080 _a658.14/.17
080 _a(076)
245 0 0 _aRachunkowość finansowa.
_nCz. 2,
_pZbiór zadań /
_cMaria Gmytrasiewicz [et al.].
260 _aWarszawa :
_b"Difin",
_c1997.
300 _a251 s. ;
_c24 cm.
490 1 _aVademecum Rachunkowości,
_x1234-1681 ;
_v2.
655 4 _aĆwiczenia i zadania
650 4 _aRachunkowość
650 4 _aFinanse przedsiębiorstwa
_xfinanse.
700 1 _aGmytrasiewicz, Maria
_d(1940- ).
710 2 _aDifin
_4pbl.
830 0 _aVademecum Rachunkowości,
_v2.
942 _2UKD
_cKS
856 _uhttp://koha.tu.koszalin.pl/cgi-bin/koha/opac-detail.pl?biblionumber=32309
_yKatalog online BPK
999 _c32309
_d32309